| 000 | 00465nam a2200157Ia 4500 | ||
|---|---|---|---|
| 008 | 210716s2019 xx 000 0 und d | ||
| 020 | _a9789332587694 | ||
| 041 | _aeng | ||
| 082 | _a658.87 BERB | ||
| 100 | _aBerman, Barry; Evans, Joel R; Chatterjee, Patrali; Srivastava, Ritu. | ||
| 245 |
_aRetail management: a strategic approach. _bA strategic approach. |
||
| 250 | _a13 | ||
| 260 |
_aNew Delhi _bPearson _c2019 |
||
| 300 | _axxvii,722 | ||
| 650 | _aRetailing | ||
| 999 |
_c211041 _d211041 |
||